Celebrate Passover / (Record no. 308)

MARC details
000 -LEADER
fixed length control field 01103cam a2200325 a 4500
005 - DATE AND TIME OF LATEST TRANSACTION
control field 20260322212014.0
008 - FIXED-LENGTH DATA ELEMENTS--GENERAL INFORMATION
fixed length control field data
010 ## - LIBRARY OF CONGRESS CONTROL NUMBER
LC control number 2006020676
020 ## - INTERNATIONAL STANDARD BOOK NUMBER
International Standard Book Number 1426300190
020 ## - INTERNATIONAL STANDARD BOOK NUMBER
International Standard Book Number 9781426300196
020 ## - INTERNATIONAL STANDARD BOOK NUMBER
International Standard Book Number 1426300182 (hardcover)
020 ## - INTERNATIONAL STANDARD BOOK NUMBER
International Standard Book Number 9781426300189 (hardcover)
040 ## - CATALOGING SOURCE
Original cataloging agency DLC
Transcribing agency DLC
Modifying agency DLC
-- BAKER
-- BTCTA
-- DOV
-- WIQ
-- VP@
-- DLC
042 ## - AUTHENTICATION CODE
Authentication code lcac
050 00 - LIBRARY OF CONGRESS CALL NUMBER
Classification number BM695.P3
Item number H374 2007
082 00 - DEWEY DECIMAL CLASSIFICATION NUMBER
Classification number 296.4/37
Edition information 22
092 ## - LOCALLY ASSIGNED DEWEY CALL NUMBER (OCLC)
Classification number 296.4 H374 2007
001 - CONTROL NUMBER
control field data
100 1# - MAIN ENTRY--PERSONAL NAME
Personal name Heiligman, Deborah.
245 10 - TITLE STATEMENT
Title Celebrate Passover /
Statement of responsibility, etc. Deborah Heiligman.
246 34 - VARYING FORM OF TITLE
Title proper/short title Celebrate Passover with matzah, maror, and memories.
260 ## - PUBLICATION, DISTRIBUTION, ETC.
Place of publication, distribution, etc. Washington, D.C. :
Name of publisher, distributor, etc. National Geographic,
Date of publication, distribution, etc. c2007.
300 ## - PHYSICAL DESCRIPTION
Extent 32 p. :
Other physical details col. ill., col. map ;
Dimensions 27 cm.
490 1# - SERIES STATEMENT
Series statement Holidays around the world
504 ## - BIBLIOGRAPHY, ETC. NOTE
Bibliography, etc. note Includes bibliographical references (p. 29).
650 #0 - SUBJECT ADDED ENTRY--TOPICAL TERM
Topical term or geographic name entry element Passover
Form subdivision Juvenile literature.
650 #1 - SUBJECT ADDED ENTRY--TOPICAL TERM
Topical term or geographic name entry element Passover.
830 #0 - SERIES ADDED ENTRY--UNIFORM TITLE
Uniform title Holidays around the world (National Geographic Society (U.S.))
856 42 - ELECTRONIC LOCATION AND ACCESS
Materials specified Publisher description
Uniform Resource Identifier <a href="http://www.loc.gov/catdir/enhancements/fy0738/2006020676-d.html">http://www.loc.gov/catdir/enhancements/fy0738/2006020676-d.html</a>
Holdings
Withdrawn status Lost status Damaged status Not for loan Home library Current library Shelving location Date acquired Total checkouts Full call number Barcode Date last seen Price effective from Koha item type
        Union Union General stacks 22/03/2026   296.4/37 22 BC0010317 22/03/2026 22/03/2026 Books